| 000 | 00788nam a22002891 4500 | ||
|---|---|---|---|
| 001 | bimo0000667556 | ||
| 003 | DO-SdBNP | ||
| 005 | 20180206113722.0 | ||
| 008 | 900725s1961 sp spa | ||
| 016 | 7 | _2BPMSU | |
| 017 |
_a _b |
||
| 035 | _a | ||
| 040 |
_aBPMSU _bspa _cBPMSU |
||
| 041 | 1 | _aspa | |
| 080 | 0 | _a | |
| 100 | 1 |
_aRubio, Miguel _d1961- |
|
| 245 | 1 | 3 |
_aUn muchacho de Georgia / _h _c Erskine, Caldwell ; versión de Miguel Rubio |
| 260 |
_aBarcelona : _bLuis de Caralt, _c1961 _e |
||
| 300 |
_a194 p., 3 h. _c21 cm |
||
| 490 | 0 | _a"Gigante" | |
| 700 | 1 |
_aRubio, Miguel _d1943- |
|
| 700 | 1 |
_aCaldwell, Erskine _d1903-1987 |
|
| 830 | _a"Gigante" | ||
| 942 |
_2ddc _cBK |
||
| 945 | _aInventariado, 2018 / BT | ||
| 956 |
_aVMATEO _c10 _d20170224 _fBPMSU _h0069 |
||
| 999 |
_c12562 _d12562 |
||